00431 2200169 4500001002100000008004100021035002000062245002700082100001200109260003100121300001200152020002200164084001600186082000800202650003300210990001800243INLIS000000000000429 ind  a0010-0724000429 aKata Dan RasacM.Husin aM.Husin aJakarta :bErlangga,c2018 a68 hlm. a978-602-6847-62-1 a153.2 HUS k a153 aFormasi dan Asosiasi Ide-ide aP29/CP/24/429